Actors and Actresses Born in 1972 by Picture - Statistics

General Stats
  • This quiz has been taken 202 times
  • The average score is 7 of 18
Answer Stats
Picture Answer % Correct
Dwayne Johnson
98%
Gwyneth Paltrow
81%
Cameron Diaz
74%
Ben Affleck
72%
Jude Law
68%
Idris Elba
63%
Sofia Vergara
55%
Jennifer Garner
49%
Maya Rudolph
36%
Gabrielle Union
21%
Carmen Electra
20%
Tracee Ellis Ross
19%
Wentworth Miller
18%
Karl Urban
17%
Laverne Cox
16%
Brian Baumgartner
7%
Rhea Seehorn
3%
Julie Benz
2%
No matching quizzes found
Score Distribution
Percent of People with Each Score
Percentile by Number Answered
Your Score History
You have not taken this quiz